| 000 | 00619nam a2200193 a 4500 | ||
|---|---|---|---|
| 003 | PILC | ||
| 005 | 20150818102410.0 | ||
| 008 | 100719s19uu xx 00 eng d | ||
| 020 | _a0340571853 | ||
| 050 |
_aTX 911.3.M3 _b.R643 1993 |
||
| 082 |
_aHSF 647.940688 _bR54 1993 |
||
| 100 |
_aRoberts, John _912684 |
||
| 245 |
_aMarketing for the hospitality industry / _cRoberts, John. |
||
| 260 |
_aEuston Road, London : _bHodder & Stoughton Educational, _c1993. |
||
| 300 |
_a224 pages : _billustration ; _c23 cm. |
||
| 500 | _aIncludes appendix. | ||
| 650 |
_aHospitality industry - Marketing _911054 |
||
| 942 |
_2lcc _cBK |
||
| 999 |
_c284778 _d284778 |
||